Quizzes
Events
Quiz Creation
Community
Videos
Private Events
Remove Ads
Sign In
Join for FREE
Feedback
Dark Mode
Quiz Categories
Sports
Geography
Music
Movies
Television
Just For Fun
Miscellaneous
History
Literature
Language
Science
Gaming
Entertainment
Religion
Holiday
For Kids
Quiz Lab
Recent
Popular Today
Quiz Kudos Today
Editor Picks
Curator Picks
Quizzes by...
Day
Popularity
Type
Ratings
Length
Year
Community
Subscriptions
Recent Discussions
Orange Saloon
Badges
Playlists
Quests
Create
Leaderboards
Showdown
Live 5
Trivia Bingo
Activity
Puzzle Library
Sporcle Events
Private Events
Virtual Trivia
Globe League
Become a Host
Pub Owners
SporcleCon
Opinionation
Our Games
Videos
Blog
Mobile Apps
Partnerships
Remove Ads and Go Orange
Feedback
Sports
Athletes
MLB
NBA
NHL
NFL
Soccer
Sports Teams
WWE
NCAA
Football
Premier League
Basketball
Baseball
Hockey
Golf
Tennis
Cricket
Rugby
Auto Racing
Olympics
World Cup
Sports
Athletes
MLB
NBA
NHL
NFL
Soccer
Sports Teams
WWE
NCAA
Football
Premier League
Basketball
Baseball
Hockey
Golf
Tennis
Cricket
Rugby
Auto Racing
Olympics
World Cup
Random Quiz
Search Sporcle
×
Quiz Lab
Quiz Lab
Sports
World
Type in answers that appear in a list
Type in answers that appear in a list
Classic
Best Score? Go Orange.
USA World Cup Players Stats
Can you name the USA World Cup Players since 2006
By
joeym3546
10m
69 Questions
54 Plays
54 Plays
54 Plays
Comments
Comments
Give Quiz Kudos
Give Quiz Kudos
-
- Ratings
hide this ad
Replay
Link that replays current quiz
Next Quiz
Link to next quiz in quiz playlist
You Got
0%
They Got
Avg Score
54%
Avg Friend Score
Upgrade to see
Score Distribution
Jump to the score distribution portion of the page
Score
0/69
Timer
10:00
0
Plays Today
Hint
Answer
% Correct
2006(GK)
Tim Howard
94.4%
2010(GK)
Tim Howard
94.4%
2006(MF)
Landon Donovan
92.6%
2010(MF)
Landon Donovan
92.6%
2014(GK)
Tim Howard
92.6%
2006(MF)
Clint Dempsey
88.9%
2010(MF)
Clint Dempsey
88.9%
2014(MF)
Jermaine Jones
88.9%
2014(FW)
Clint Dempsey
88.9%
2010(FW)
Jozy Altidore
85.2%
2014(FW)
Jozy Altidore
85.2%
2006(MF)
DeMarcus Beasley
79.6%
2010(MF)
DeMarcus Beasley
79.6%
2014(DEF)
DeMarcus Beasley
79.6%
2006(FW)
Eddie Johnson
77.8%
2010(MF)
Michael Bradley
77.8%
2014(DEF)
Fabian Johnson
77.8%
2014(MF)
Michael Bradley
77.8%
2014(MF)
Julian Green
77.8%
2006(GK)
Kasey Keller
75.9%
2010(GK)
Brad Guzan
75.9%
2014(GK)
Brad Guzan
75.9%
2006(FW)
Brian McBride
66.7%
2014(DEF)
DeAndre Yedlin
64.8%
2014(FW)
Chris Wondolowski
64.8%
2014(DEF)
Omar Gonzalez
63%
2006(DEF)
Carlos Bocanegra
61.1%
2010(DEF)
Carlos Bocanegra
61.1%
2014(GK)
Nick Rimando
59.3%
2014(MF)
Graham Zusi
59.3%
2014(DEF)
Matt Besler
57.4%
2014(DEF)
Geoff Cameron
57.4%
2014(DEF)
John Brooks
57.4%
2014(MF)
Alejandro Bedoya
57.4%
2014(MF)
Kyle Beckerman
55.6%
Hint
Answer
% Correct
2014(FW)
Aron Johannsson
55.6%
2006(DEF)
Oguchi Onyewu
53.7%
2006(MF)
Claudio Reyna
53.7%
2010(DEF)
Oguchi Onyewu
53.7%
2006(DEF)
Steve Cherundolo
48.1%
2010(DEF)
Steve Cherundolo
48.1%
2010(MF)
Maurice Edu
48.1%
2014(DEF)
Timothy Chandler
44.4%
2006(DEF)
Eddie Pope
42.6%
2010(DEF)
Jay DeMerit
42.6%
2014(MF)
Brad Davis
42.6%
2006(DEF)
Eddie Lewis
40.7%
2010(FW)
Herculez Gomez
40.7%
2010(FW)
Robbie Findley
40.7%
2014(MF)
Mix Diskerud
37%
2010(MF)
Ricardo Clark
35.2%
2006(GK)
Marcus Hahnemann
33.3%
2006(FW)
Brian Ching
33.3%
2010(GK)
Marcus Hahnemann
33.3%
2006(DEF)
Jimmy Conrad
27.8%
2010(MF)
Benny Feilhaber
27.8%
2010(MF)
Stuart Holden
27.8%
2006(FW)
Josh Wolff
25.9%
2010(DEF)
Clarence Goodson
25.9%
2010(DEF)
Jonathan Spector
24.1%
2010(DEF)
Jonathan Bornstein
24.1%
2006(MF)
Pablo Mastroeni
22.2%
2006(MF)
John O'Brien
18.5%
2010(MF)
J.F. Torres
18.5%
2006(MF)
Bobby Convey
16.7%
2006(DEF)
Gregg Berhalter
13%
2006(MF)
Ben Olsen
13%
2006(DEF)
Chris Albright
11.1%
2010(FW)
Edson Buttle
9.3%
Quiz Playlist
Details
Report
Send in Message
Add To Playlist
Classic:
Type in answers that appear in a list
Last Updated: Feb 16, 2017
Quiz Scoreboard
CHALLENGE
Sign Up to Join the Scoreboard
Show All
Scores
Hide
Comments
May contain spoilers
Recently Published
9x9 Crossword: Cartoon Network
by jackfrog10
Miscellaneous
3m
College Basketball Coaching Resumes
by pancakes188
Sports
9m
Billboard Blitz: Fleetwood Mac
by CooCooCachoo
Music
15s
More to Explore
Quiz From the Vault
Featured Blog Post
Where Did the Easter Bunny Come From?
hide this ad
You Might Also Like...
Tags
World Quiz
2006
cup
Player
USA
USA World
Today's Top Quizzes in Sports
Browse Sports
hide this ad
Today's Top Quizzes in World
Browse World
Top Contributed Quizzes in Sports
1
2022 World Cup Stars
2
Les meilleurs buteurs des matchs entre le PSG et l’OM
3
FIFA Club World Cup Champions
4
Les entraîneurs de l'OM et du PSG au 21e siècle
5
Criteria MLB: Left Handed Sluggers
6
2023 MLB Unique Player Accomplishments
7
AFC Teams Reveal (Wrong Answers Minefield)
8
Players with Multiple 50 Home Run Seasons
9
5-to-1: FBS Animal Nicknames
10
5-to-1: UK Sports Teams
Explore More
Trending Topics
Harry Potter
NBA
Anime
Kpop
Disney
Crossword
Marvel
Country
WWE
Pokémon
NFL
The Office
Soccer
Song
Puzzle
hide this ad
More By:
joeym3546
Quiz
Plays
Rating
Category
Featured
Created
Pittsburgh Pirates Home Run leaders by year
462
5.00
Sports
Apr 6, 2016
Pittsburgh Penguins from 2005-2017
275
4.50
Sports
Mar 9, 2016
Pittsburgh Pirates Top Batting Average
245
3.00
Sports
Oct 7, 2014
Pittsburgh Penguins 20 Goal Scorers
243
5.00
Sports
Mar 8, 2016
100 Rock Songs
200
1.00
Music
Oct 6, 2014
Go to Creator's Profile
Score Distribution
Quiz Creator Spotlight
joeym3546
Follow
Send a Message
Quizzes Created
-
Created Quiz Play Count
-
More By This Creator
Popular Quizzes Today
1
Find the US States - No Outlines Minefield
2
Find the Countries of Europe - No Outlines Minefield
3
The Countries of the World
4
Find the US States
5
Risky Map Clicking: Biggest States A-Z
6
US States
7
Popular People in 1961
8
Movies - When Are They Set?
More Sports Quizzes
2012 NBA All Star Game - East Team
Quiz Lab
Trending Quizzes
Risky Map Clicking: Least Populous States A-Z
1-10 Letter G Words
Risky Map Clicking: Next State Alphabetically
Adjectives in 80s TV Shows
The Seven Year Switch: Catherine
Recently Updated
Leaping Animals
pecheneg
Reality TV Shows (A-Z)
bhenderson79
Rickey Henderson's Hall of Fame Teammates
pecheneg
Champions League XIs: Arsenal
pecheneg
Quick Pick: Celebrities in WWE's Hall of Fame
aduchscher
A-Z Keypad Blitz II
pecheneg
Multiple Oscar Actors
pecheneg
Mystery Phrase Blitz: Oscar 'Best Actors'
pecheneg
F. Scott Fitzgerald Novels
LTH
Pick 3 Villains
ddd62291
Trending Topics
Kpop
Disney
Crossword
Anime
Harry Potter
NBA
Marvel
Soccer
Pokémon
WWE
Country
Song
NFL
The Office
Puzzle
Your Account Isn't Verified!
In order to create a playlist on Sporcle, you need to verify the email address you used during registration. Go to your
Sporcle Settings
to finish the process.
Report this User
Report this user for behavior that violates our
Community Guidelines
.
Details:
Send Report
Go to the Sporcle.com Mobile Site →
Comments